| 000 | 01323cam a2200313 a 4500 | ||
|---|---|---|---|
| 001 | 12033780 | ||
| 005 | 20000810103212.0 | ||
| 008 | 000607s2000 nyua 001 0 eng | ||
| 010 | _a 00268048 | ||
| 020 | _a007136160X | ||
| 040 |
_aDLC _cDLC _dDLC |
||
| 043 | _an-us--- | ||
| 050 | 0 | 0 |
_aNA7205 _b.A84 2000 |
| 082 | 0 | 0 |
_a690.837 _221 _bAXE |
| 100 | 1 | _aAxelrod, Jerold L. | |
| 245 | 1 | 0 |
_aPlans for adding on and remodeling / _cJerold L. Axelrod. |
| 260 |
_aNew York : _bMcGraw-Hill, _cc2000. |
||
| 300 |
_a416 p. : _bill. ; _c24 cm. |
||
| 500 | _aRev. ed. of: Architectural plans for adding on or remodeling. | ||
| 500 | _a"Time-saver concise"--Cover. | ||
| 500 | _aIncludes indexes. | ||
| 650 | 0 |
_aArchitecture, Domestic _zUnited States _vDesigns and plans. |
|
| 650 | 0 |
_aBuildings _xAdditions _zUnited States. |
|
| 650 | 0 |
_aBuildings _zUnited States _xRepair and reconstruction. |
|
| 700 | 1 | _aAxelrod, Jerold L. Architectural plans for adding on or remodeling. | |
| 942 |
_2ddc _cBB |
||
| 999 |
_c10885 _d10885 |
||